| 000 | 00399nam a2200157Ia 4500 | ||
|---|---|---|---|
| 008 | 221030s9999 xx 000 0 und d | ||
| 020 | _a8121914590 | ||
| 041 | _aEnglish | ||
| 082 | _a105.23 | ||
| 100 | _aS. K. Sarkar | ||
| 245 | 0 |
_aOptical Fibres & Fibre Optic Communication System _cby S. K. Sarkar |
|
| 260 |
_bS. Chand & Co. _aNew Delhi _c2009 |
||
| 300 | _a440 | ||
| 650 | _aECE | ||
| 942 | _cBK | ||
| 999 |
_c8930 _d8930 |
||